[Event "Gatineau Pentes enneigees"]
[Site "Gatineau"]
[Date "2019.01.22"]
[Round "1"]
[White "Akrib, Fouad"]
[Black "Raymond, Daniel"]
[Result "0-1"]
[WhiteElo "1958"]
[BlackElo "1772"]
[PlyCount "58"]
[EventDate "2019.01.22"]
[EventType "swiss"]
[EventRounds "5"]
[EventCountry "CAN"]
[SourceTitle "EXT 2022"]
[Source "ChessBase"]
[SourceDate "2021.10.06"]
[SourceVersion "1"]
[SourceVersionDate "2021.10.06"]
[SourceQuality "1"]

1. e4 c5 2. Nf3 d6 3. g3 Nc6 4. Bg2 Nf6 5. d3 g6 6. 0-0 Bg7 7. c3 0-0 8. Re1 Bg4 9. h3 Bd7 10. a3 Qc8 11. Kh2 Rb8 12. b4 b6 13. Bb2 Ne5 14. Nxe5 dxe5 15. d4 cxd4 16. cxd4 exd4 17. Bxd4 Rd8 18. Qb3 Ng4+ 19. hxg4 Bxd4 20. Ra2 Be6 21. Qc2 Bxa2 22. Qxa2 Qxg4 23. a4 Qh5+ 24. Kg1 Qg5 25. Kh2 Rbc8 26. f4 Qh5+ 27. Bh3 Rc7 28. Na3 Bc3 29. Re2 Qxe2+ 0-1

[Event "Gatineau Premiers Flocons"]
[Site "Gatineau"]
[Date "2018.12.11"]
[Round "3"]
[White "Boutin, Michel"]
[Black "Raymond, Daniel"]
[Result "0-1"]
[WhiteElo "1179"]
[BlackElo "1761"]
[PlyCount "104"]
[EventDate "2018.11.27"]
[EventType "swiss"]
[EventRounds "4"]
[EventCountry "CAN"]
[SourceTitle "EXT 2022"]
[Source "ChessBase"]
[SourceDate "2021.10.06"]
[SourceVersion "1"]
[SourceVersionDate "2021.10.06"]
[SourceQuality "1"]

1. e4 c5 2. d3 Nc6 3. Nf3 d6 4. Be2 Nf6 5. h3 e6 6. Bg5 Be7 7. c3 0-0 8. Nbd2 Rb8 9. 0-0 b5 10. Nb3 h6 11. Bh4 e5 12. Bxf6 Bxf6 13. d4 exd4 14. cxd4 c4 15. Nc1 Re8 16. d5 Bxb2 17. Rb1 Bxc1 18. dxc6 Ba3 19. Bxc4 a6 20. Bd3 Bc5 21. a4 b4 22. Qe2 Qb6 23. c7 Ra8 24. e5 dxe5 25. Qe4 Bb7 26. Qh7+ Kf8 27. Rbe1 Bd4 28. Qh8+ Ke7 29. Qxg7 Bxf3 30. Rxe5+ Bxe5 31. Qxe5+ Qe6 32. Qc5+ Kf6 33. Qd4+ Qe5 34. Qb6+ Kg7 35. gxf3 Qe6 36. Qd4+ Qf6 37. Qg4+ Qg5 38. Qxg5+ hxg5 39. Be4 Ra7 40. Rc1 Rc8 41. Rb1 a5 42. Rc1 Rcxc7 43. Rxc7 Rxc7 44. Kg2 b3 45. Kg3 Kf6 46. f4 b2 47. fxg5+ Kxg5 48. h4+ Kh6 49. f4 Rc1 50. Kg4 b1Q 51. Bxb1 Rxb1 52. f5 f6 0-1

[Event "Gatineau Rentree Hull"]
[Site "Gatineau"]
[Date "2018.09.25"]
[Round "3"]
[White "Raymond, Daniel"]
[Black "Jobin, Gilles G"]
[Result "1-0"]
[WhiteElo "1781"]
[BlackElo "1843"]
[PlyCount "75"]
[EventDate "2018.09.11"]
[EventType "swiss"]
[EventRounds "5"]
[EventCountry "CAN"]
[SourceTitle "EXT 2022"]
[Source "ChessBase"]
[SourceDate "2021.10.06"]
[SourceVersion "1"]
[SourceVersionDate "2021.10.06"]
[SourceQuality "1"]

1. e4 d6 2. d4 Nf6 3. Nc3 Nbd7 4. f4 e5 5. Nf3 Qe7 6. dxe5 dxe5 7. f5 Nb6 8. Bg5 h6 9. Bh4 Qc5 10. Bf2 Qe7 11. Be2 Bd7 12. Bg3 Bc6 13. Bd3 0-0-0 14. Qe2 Nbd7 15. 0-0 Qe8 16. Bb5 Bc5+ 17. Kh1 Bxb5 18. Qxb5 a6 19. Qe2 Nh7 20. Qc4 f6 21. b4 Bd6 22. Nd5 Kb8 23. Rfd1 c6 24. Nc3 Qe7 25. Bf2 Bc7 26. a4 Bb6 27. Bg3 Ng5 28. Rd3 Nxf3 29. Rxf3 Bd4 30. Qxd4 Ka8 31. Qe3 Qxb4 32. Bf2 c5 33. Rb1 Qa5 34. Bg1 Rc8 35. Qd3 Nb6 36. Qd6 Rc6 37. Qe7 Rhc8 38. Nd5 1-0

[Event "Gatineau Rentree Hull"]
[Site "Gatineau"]
[Date "2018.09.18"]
[Round "2"]
[White "Raymond, Daniel"]
[Black "Lemieux, Richard"]
[Result "1/2-1/2"]
[WhiteElo "1781"]
[BlackElo "1621"]
[PlyCount "112"]
[EventDate "2018.09.11"]
[EventType "swiss"]
[EventRounds "5"]
[EventCountry "CAN"]
[SourceTitle "EXT 2022"]
[Source "ChessBase"]
[SourceDate "2021.10.06"]
[SourceVersion "1"]
[SourceVersionDate "2021.10.06"]
[SourceQuality "1"]

1. e4 e5 2. Nf3 Nc6 3. Bb5 d6 4. d4 exd4 5. Nxd4 Bd7 6. 0-0 Nxd4 7. Bxd7+ Qxd7 8. Qxd4 Nf6 9. Nc3 Be7 10. Bg5 Qg4 11. Qa4+ Qd7 12. Qb3 0-0 13. Rad1 Qc6 14. Bxf6 Bxf6 15. Nd5 Bd8 16. Rd3 b6 17. Re1 Re8 18. Nb4 Qb7 19. Rf3 c6 20. Nxc6 Bf6 21. Nb4 Rxe4 22. Rxe4 Qxe4 23. Re3 Qf5 24. Nd5 Rc8 25. Ne7+ Bxe7 26. Rxe7 Kf8 27. Rxa7 Rxc2 28. Ra8+ Ke7 29. Ra7+ Kf8 30. Rxf7+ Qxf7 31. Qxc2 Qxa2 32. h3 Qe6 33. Qd2 Qe5 34. Kf1 Qb5+ 35. Qe2 Qc5 36. Qf3+ Kg8 37. Qe3 Qb5+ 38. Ke1 Qc6 39. Ke2 Kf8 40. Qf3+ Qxf3+ 41. Kxf3 Ke7 42. Ke4 Ke6 43. f4 g6 44. g4 h5 45. b4 b5 46. Kd4 h4 47. Ke4 Ke7 48. Kd5 Kd7 49. f5 gxf5 50. gxf5 Ke7 51. Kc6 Kf6 52. Kxd6 Kxf5 53. Kc5 Kf4 54. Kxb5 Kg3 55. Kc5 Kxh3 56. b5 Kg2 1/2-1/2

[Event "Outaouais-ch Reserves"]
[Site "Gatineau"]
[Date "2018.04.17"]
[Round "3"]
[White "Raymond, Daniel"]
[Black "Lemieux, Richard"]
[Result "1-0"]
[WhiteElo "1725"]
[BlackElo "1660"]
[PlyCount "121"]
[EventDate "2018.04.03"]
[EventType "swiss"]
[EventRounds "7"]
[EventCountry "CAN"]
[SourceTitle "EXT 2022"]
[Source "ChessBase"]
[SourceDate "2021.10.06"]
[SourceVersion "1"]
[SourceVersionDate "2021.10.06"]
[SourceQuality "1"]

1. e4 c6 2. d4 d5 3. Nd2 e6 4. Ngf3 c5 5. exd5 Qxd5 6. Bc4 Qd8 7. 0-0 Nc6 8. Nb3 cxd4 9. Nfxd4 Nxd4 10. Nxd4 a6 11. Re1 Be7 12. c3 b5 13. Bb3 Qc7 14. Qf3 Bb7 15. Qh3 e5 16. Qg3 Kf8 17. Nf5 Bf6 18. Bg5 Bxg5 19. Qxg5 f6 20. Qg3 Nh6 21. Nd4 Bc8 22. Qf3 Ra7 23. Nc6 Bb7 24. Bd5 Bxc6 25. Bxc6 Ke7 26. Rad1 Rd8 27. Rxd8 Qxd8 28. Rd1 Qb8 29. Qd3 Qc7 30. Be4 f5 31. Bxf5 g6 32. Be4 Nf7 33. Bd5 Nh6 34. Qh3 Nf5 35. Qxh7+ Kf6 36. Qxc7 Rxc7 37. Be4 Ne7 38. Rd6+ Kg5 39. Rxa6 Rd7 40. g3 Rd1+ 41. Kg2 Re1 42. Bd3 e4 43. Bxb5 Nf5 44. f4+ exf3+ 45. Kxf3 Rb1 46. Bd3 Rxb2 47. Bxf5 Kxf5 48. Ra5+ Kf6 49. h4 Rc2 50. a4 Rxc3+ 51. Kg2 Rc8 52. Ra7 Kf5 53. a5 Kg4 54. Rf7 Ra8 55. Rf4+ Kh5 56. Ra4 g5 57. hxg5 Kxg5 58. a6 Ra7 59. Kf3 Rf7+ 60. Ke4 Kg4 61. a7 1-0

[Event "Gatineau Automne"]
[Site "Gatineau"]
[Date "2017.11.28"]
[Round "5"]
[White "Bastien, Andre"]
[Black "Raymond, Daniel"]
[Result "1-0"]
[WhiteElo "1802"]
[BlackElo "1816"]
[PlyCount "89"]
[EventDate "2017.10.31"]
[EventType "swiss"]
[EventRounds "5"]
[EventCountry "CAN"]
[SourceTitle "EXT 2022"]
[Source "ChessBase"]
[SourceDate "2021.10.06"]
[SourceVersion "1"]
[SourceVersionDate "2021.10.06"]
[SourceQuality "1"]

1. d4 d5 2. Nf3 e6 3. e3 c5 4. b3 Nc6 5. Bb2 Nf6 6. Bd3 Bd6 7. 0-0 0-0 8. Nbd2 Re8 9. Ne5 cxd4 10. exd4 Qc7 11. f4 Nb4 12. Ndf3 Nxd3 13. Qxd3 Ne4 14. g3 f6 15. Ng4 Bd7 16. c4 e5 17. Ne3 exf4 18. Nxd5 Qc6 19. gxf4 Bc7 20. Ba3 Kh8 21. Nh4 Rac8 22. Rae1 f5 23. Qh3 Qh6 24. Nxc7 Rxc7 25. Re3 g5 26. Ng2 Qg6 27. Kh1 Rg8 28. d5 gxf4 29. Bb2+ Nf6 30. Rxf4 Rf8 31. Re7 Kg8 32. Nh4 Qh6 33. Qg3+ Kh8 34. Be5 Rg8 35. Qf2 Rcc8 36. Rxd7 Rce8 37. Qd4 Rxe5 38. Qxe5 Qg5 39. Qd4 Re8 40. Nf3 Qg6 41. Rd6 Kg7 42. Re6 Rg8 43. Re1 Kh6 44. Nh4 Qg5 45. Rxf5 1-0

[Event "Gatineau Rentree-A"]
[Site "Gatineau"]
[Date "2017.10.03"]
[Round "4"]
[White "Raymond, Daniel"]
[Black "Dukic, Zachary"]
[Result "1/2-1/2"]
[WhiteElo "1768"]
[BlackElo "2247"]
[PlyCount "95"]
[EventDate "2017.09.12"]
[EventType "swiss"]
[EventRounds "6"]
[EventCountry "CAN"]
[SourceTitle "EXT 2022"]
[Source "ChessBase"]
[SourceDate "2021.10.06"]
[SourceVersion "1"]
[SourceVersionDate "2021.10.06"]
[SourceQuality "1"]

1. e4 e5 2. Nf3 Nc6 3. Bb5 a6 4. Ba4 Nf6 5. 0-0 Be7 6. Re1 b5 7. Bb3 0-0 8. a4 b4 9. d4 d6 10. h3 exd4 11. Nxd4 Nxd4 12. Qxd4 Be6 13. Qd3 d5 14. exd5 Nxd5 15. Bc4 Bc5 16. Qf3 Qh4 17. Nd2 Nf6 18. Ne4 Bxc4 19. Nxc5 Bd5 20. Qd3 a5 21. Be3 Qh5 22. Bd4 Qg5 23. Qg3 Qxg3 24. fxg3 Rfe8 25. Kf2 Ne4+ 26. Nxe4 Bxe4 27. c3 Rad8 28. Be3 bxc3 29. bxc3 Rb8 30. Re2 Bc6 31. h4 Rb3 32. Bf4 Rxe2+ 33. Kxe2 Rb7 34. Rd1 Kf8 35. Rd8+ Ke7 36. Rc8 Kd7 37. Rg8 g6 38. Rf8 Bd5 39. Kd3 Ra7 40. Kd4 Ra8 41. Rxa8 Bxa8 42. Kc5 Bc6 43. c4 Bxa4 44. Bd2 Bc6 45. Bxa5 Bxg2 46. Bd2 Ke6 47. Bf4 c6 48. Kd4 1/2-1/2

[Event "Gatineau Hiver-A"]
[Site "Gatineau"]
[Date "2017.02.21"]
[Round "4"]
[White "Danilov, Alex"]
[Black "Raymond, Daniel"]
[Result "1-0"]
[WhiteElo "1705"]
[BlackElo "1815"]
[PlyCount "111"]
[EventDate "2017.01.31"]
[EventType "swiss"]
[EventRounds "4"]
[EventCountry "CAN"]
[SourceTitle "EXT 2022"]
[Source "ChessBase"]
[SourceDate "2021.10.06"]
[SourceVersion "1"]
[SourceVersionDate "2021.10.06"]
[SourceQuality "1"]

1. Nf3 Nf6 2. c4 e6 3. d4 d5 4. Nc3 c5 5. Bg5 Be7 6. dxc5 Nc6 7. cxd5 exd5 8. Be3 Bg4 9. Qa4 Bxf3 10. exf3 d4 11. 0-0-0 Bxc5 12. Bb5 Qb6 13. Bxd4 Bxd4 14. Bxc6+ bxc6 15. Rhe1+ Kf8 16. Rxd4 Rb8 17. Qa3+ c5 18. Na4 Qa5 19. Qxc5+ Qxc5+ 20. Nxc5 Rc8 21. Kb1 g6 22. Nd7+ Kg7 23. Nxf6 Kxf6 24. Rd6+ Kg7 25. Re7 a5 26. Rdd7 Rhf8 27. b3 Rce8 28. Kb2 Rxe7 29. Rxe7 Rc8 30. Re4 Rc5 31. Rc4 Re5 32. Re4 Rc5 33. f4 Kf6 34. Re5 Rxe5 35. fxe5+ Kxe5 36. Kc3 Kd5 37. Kd3 h5 38. a3 g5 39. b4 axb4 40. axb4 h4 41. b5 f5 42. b6 Kc6 43. Kd4 g4 44. g3 hxg3 45. hxg3 f4 46. gxf4 Kxb6 47. f5 Kc7 48. Ke4 Kd7 49. Kf4 Ke7 50. Kg5 Kf7 51. f6 Kf8 52. Kxg4 Kg8 53. Kg5 Kf8 54. Kg6 Kg8 55. f7+ Kf8 56. f3 1-0

[Event "Gatineau Pere Noel-A"]
[Site "Gatineau"]
[Date "2016.12.13"]
[Round "2"]
[White "Raymond, Daniel"]
[Black "Danilov, Alex"]
[Result "1-0"]
[WhiteElo "1792"]
[BlackElo "1750"]
[PlyCount "57"]
[EventDate "2016.12.06"]
[EventType "swiss"]
[EventRounds "5"]
[EventCountry "CAN"]
[SourceTitle "EXT 2022"]
[Source "ChessBase"]
[SourceDate "2021.10.06"]
[SourceVersion "1"]
[SourceVersionDate "2021.10.06"]
[SourceQuality "1"]

1. e4 c5 2. Nf3 Nc6 3. d4 cxd4 4. Nxd4 g6 5. Be2 Bg7 6. Nb3 Nf6 7. Nc3 a6 8. 0-0 b5 9. a3 Bb7 10. Nc5 Bc8 11. Kh1 d6 12. Nb3 0-0 13. Bg5 Nd7 14. f4 Nb6 15. Qe1 b4 16. Nd1 bxa3 17. Rxa3 f6 18. Bh4 Bb7 19. Bf2 Nd7 20. Bc4+ Kh8 21. Qe2 a5 22. Nc3 Nb4 23. Be6 Ba6 24. Nb5 Nxc2 25. Rxa5 Nb4 26. Rfa1 Nb6 27. Qd2 Bxb5 28. Qxb4 Rxa5 29. Rxa5 1-0

[Event "Gatineau Rentree-A"]
[Site "Gatineau"]
[Date "2016.10.11"]
[Round "5"]
[White "Raymond, Daniel"]
[Black "Bastien, Andre"]
[Result "0-1"]
[WhiteElo "1741"]
[BlackElo "1840"]
[PlyCount "102"]
[EventDate "2016.09.13"]
[EventType "swiss"]
[EventRounds "5"]
[EventCountry "CAN"]
[SourceTitle "EXT 2022"]
[Source "ChessBase"]
[SourceDate "2021.10.06"]
[SourceVersion "1"]
[SourceVersionDate "2021.10.06"]
[SourceQuality "1"]

1. e4 d5 2. exd5 Nf6 3. Nf3 Nxd5 4. d4 Bf5 5. Bd3 g6 6. Nc3 Bg7 7. Bxf5 gxf5 8. Nxd5 Qxd5 9. Bf4 Qe4+ 10. Be3 f4 11. Ng5 Qf5 12. Qf3 Qxg5 13. Qxb7 0-0 14. Qxa8 fxe3 15. 0-0 exf2+ 16. Kh1 Bxd4 17. c3 Bb6 18. Rad1 Kh8 19. Rd3 Qe5 20. Qf3 Qe6 21. b3 Nd7 22. Qd1 Nf6 23. c4 Rg8 24. Rd8 Ne4 25. Rxg8+ Kxg8 26. Qd3 f5 27. b4 c5 28. b5 Bc7 29. g3 Be5 30. a4 Bd4 31. a5 Nd6 32. b6 axb6 33. a6 Nc8 34. Kg2 Kf7 35. Qf3 Qe4 36. Qxe4 fxe4 37. Rb1 e3 38. Kf1 Kf6 39. Rb3 Ke5 40. Ke2 h5 41. Ra3 Na7 42. Rb3 Ke4 43. Rxb6 f1Q+ 44. Kxf1 Kd3 45. Re6 Nc6 46. h3 Ne5 47. Rxe5 Bxe5 48. a7 e2+ 49. Kg2 e1Q 50. a8Q Qe2+ 51. Kg1 Qe1+ 0-1

[Event "Outaouais-ch ferme"]
[Site "Gatineau"]
[Date "2016.05.17"]
[Round "6"]
[White "Raymond, Daniel"]
[Black "Gagnon, Fabien"]
[Result "1/2-1/2"]
[WhiteElo "1757"]
[BlackElo "2000"]
[PlyCount "68"]
[EventDate "2016.04.12"]
[EventType "tourn"]
[EventRounds "7"]
[EventCountry "CAN"]
[SourceTitle "EXT 2022"]
[Source "ChessBase"]
[SourceDate "2021.10.06"]
[SourceVersion "1"]
[SourceVersionDate "2021.10.06"]
[SourceQuality "1"]

1. e4 c5 2. Nf3 Nc6 3. Nc3 g6 4. d4 cxd4 5. Nxd4 Bg7 6. Be3 Nf6 7. Be2 0-0 8. 0-0 d5 9. Bf3 dxe4 10. Nxc6 bxc6 11. Nxe4 Qa5 12. c3 Rd8 13. Qc1 Nd5 14. Bh6 Rb8 15. Bxg7 Kxg7 16. c4 Nc7 17. b3 Ne6 18. Qc3+ Qxc3 19. Nxc3 Nd4 20. Bd1 Rb7 21. f4 Bf5 22. Rc1 h5 23. Ne2 Nxe2+ 24. Bxe2 Rd2 25. Bf3 Rxa2 26. Ra1 Rxa1 27. Rxa1 Bd7 28. Ra6 Rc7 29. b4 e6 30. Kf2 Kf6 31. Ke3 Ke7 32. Kd4 c5+ 33. bxc5 Bc8 34. Ra5 Rd7+ 1/2-1/2

[Event "Outaouais-ch ferme"]
[Site "Gatineau"]
[Date "2016.04.12"]
[Round "1"]
[White "Akrib, Fouad"]
[Black "Raymond, Daniel"]
[Result "1-0"]
[WhiteElo "1967"]
[BlackElo "1757"]
[PlyCount "81"]
[EventDate "2016.04.12"]
[EventType "tourn"]
[EventRounds "7"]
[EventCountry "CAN"]
[SourceTitle "EXT 2022"]
[Source "ChessBase"]
[SourceDate "2021.10.06"]
[SourceVersion "1"]
[SourceVersionDate "2021.10.06"]
[SourceQuality "1"]

1. d4 d5 2. Bf4 Nf6 3. e3 e6 4. Nf3 Be7 5. Nbd2 0-0 6. Ne5 c5 7. c3 Nc6 8. Bd3 Re8 9. g4 Nd7 10. Qf3 Ncxe5 11. dxe5 Nf8 12. h4 Bd7 13. g5 Bc6 14. Qg3 d4 15. Be4 dxc3 16. bxc3 Bxe4 17. Nxe4 Qd3 18. Nf6+ Bxf6 19. gxf6 Qg6 20. Qh2 Qh5 21. Rg1 Ng6 22. Rg5 Qxh4 23. Rxg6 Qxh2 24. Rxg7+ Kh8 25. Bxh2 Rg8 26. Rxg8+ Rxg8 27. Ke2 Rd8 28. Bf4 b5 29. a3 c4 30. a4 a6 31. axb5 axb5 32. Bh6 Rb8 33. e4 Rc8 34. f4 Rg8 35. Bg7+ Rxg7 36. fxg7+ Kxg7 37. Ra5 h5 38. Rxb5 h4 39. Kf3 Kg6 40. Kg4 h3 41. Kxh3 1-0

[Event "Gatineau Eveil Printanier"]
[Site "Gatineau"]
[Date "2016.03.22"]
[Round "4"]
[White "Latreille, Etienne"]
[Black "Raymond, Daniel"]
[Result "0-1"]
[WhiteElo "1496"]
[BlackElo "1794"]
[PlyCount "92"]
[EventDate "2016.03.01"]
[EventType "swiss"]
[EventRounds "5"]
[EventCountry "CAN"]
[SourceTitle "EXT 2022"]
[Source "ChessBase"]
[SourceDate "2021.10.06"]
[SourceVersion "1"]
[SourceVersionDate "2021.10.06"]
[SourceQuality "1"]

1. e4 c5 2. Nc3 Nc6 3. b3 Nf6 4. Bb2 e6 5. Bb5 Be7 6. Nf3 a6 7. Bxc6 dxc6 8. Qe2 b5 9. Rd1 Qc7 10. 0-0 e5 11. h3 0-0 12. Nb1 Bd6 13. c3 a5 14. a3 Be6 15. c4 Rab8 16. d3 Rb7 17. Rd2 Rfb8 18. Rc1 bxc4 19. bxc4 Rb3 20. Nc3 Qb7 21. Na4 Qc7 22. Rcc2 Nd7 23. Ng5 Nf8 24. Qe3 h6 25. Nf3 Nd7 26. g4 f6 27. Nh4 Nb6 28. Nc3 Qb7 29. Nf5 Bf8 30. Qg3 Bf7 31. f4 Nd7 32. Nd1 Qc7 33. fxe5 Nxe5 34. Rc3 R3b7 35. Bc1 Qd7 36. Nb2 g6 37. Nh4 Qd4+ 38. Qf2 Qxc3 39. Rc2 Qd4 40. Be3 Qd6 41. Bf4 Qd8 42. Bg3 Qd4 43. Bxe5 Qxf2+ 44. Rxf2 fxe5 45. Na4 Rb3 46. Rd2 Rxa3 0-1

[Event "Gatineau Nouvel An"]
[Site "Gatineau"]
[Date "2016.01.05"]
[Round "1"]
[White "Raymond, Daniel"]
[Black "Danilov, Alex"]
[Result "1/2-1/2"]
[WhiteElo "1678"]
[BlackElo "1786"]
[PlyCount "146"]
[EventDate "2016.01.05"]
[EventType "swiss"]
[EventRounds "5"]
[EventCountry "CAN"]
[SourceTitle "EXT 2022"]
[Source "ChessBase"]
[SourceDate "2021.10.06"]
[SourceVersion "1"]
[SourceVersionDate "2021.10.06"]
[SourceQuality "1"]

1. e4 c5 2. Nf3 e6 3. d4 cxd4 4. Nxd4 Nc6 5. Nc3 Qc7 6. Be2 a6 7. 0-0 Nf6 8. a4 Be7 9. Be3 0-0 10. Nb3 b6 11. f4 d6 12. Bf3 Bb7 13. Qe2 Rac8 14. Qf2 Nd7 15. g4 Nc5 16. Rac1 Nb4 17. Kh1 Nxb3 18. cxb3 Nd3 19. Qg1 Nxc1 20. Bxb6 Qb8 21. Rxc1 Qa8 22. Bd4 Rxc3 23. Rxc3 Bxe4 24. Qg2 Bxf3 25. Qxf3 Qxf3+ 26. Rxf3 Rc8 27. Rc3 Rb8 28. Rc7 Bf6 29. Bc3 d5 30. g5 d4 31. Bd2 Bd8 32. Rd7 f6 33. Rxd4 fxg5 34. fxg5 Kf7 35. Rd7+ Kg6 36. Bc3 Bxg5 37. Rxg7+ Kf5 38. Rxh7 e5 39. Rd7 Re8 40. Rd5 Bf4 41. Bd2 Ke6 42. Rd3 e4 43. Rd4 Ke5 44. Rd7 e3 45. Be1 Ke4 46. Kg2 Rg8+ 47. Bg3 Rg6 48. b4 Rf6 49. Bxf4 Rxf4 50. b5 axb5 51. a5 Rf2+ 52. Kg1 Rxb2 53. Re7+ Kd3 54. a6 Rb1+ 55. Kg2 Ra1 56. Kf3 Rf1+ 57. Kg2 Rf2+ 58. Kg1 Ra2 59. a7 b4 60. h4 b3 61. Rb7 Kc2 62. Rc7+ Kd2 63. Rd7+ Ke1 64. Rb7 b2 65. Rxb2 Rxa7 66. Kg2 Rf7 67. Rb1+ Kd2 68. Rb2+ Kd3 69. Rb3+ Kd4 70. Rb2 Kc3 71. Ra2 Rd7 72. Kf3 Rh7 73. Kxe3 Rxh4 1/2-1/2

[Event "Gatineau Hull CC Reserve-A"]
[Site "Gatineau"]
[Date "2015.12.22"]
[Round "5"]
[White "Sabourin, Yves"]
[Black "Raymond, Daniel"]
[Result "0-1"]
[WhiteElo "1497"]
[BlackElo "1678"]
[PlyCount "126"]
[EventDate "2015.11.24"]
[EventType "swiss"]
[EventRounds "5"]
[EventCountry "CAN"]
[SourceTitle "EXT 2022"]
[Source "ChessBase"]
[SourceDate "2021.10.06"]
[SourceVersion "1"]
[SourceVersionDate "2021.10.06"]
[SourceQuality "1"]

1. e4 c5 2. c3 e6 3. d4 d5 4. dxc5 Bxc5 5. exd5 exd5 6. Nf3 Nf6 7. Bb5+ Nc6 8. 0-0 0-0 9. b4 Bb6 10. Bg5 Qd6 11. Bxf6 Qxf6 12. a3 Rd8 13. Ra2 Bg4 14. Qd3 Bf5 15. Qd2 Bc7 16. Bd3 Be4 17. Qe2 Re8 18. Re1 Ne5 19. Bxe4 dxe4 20. Nxe5 Qxe5 21. g3 b5 22. c4 bxc4 23. Qxc4 Bb6 24. Rae2 Qf5 25. Nc3 Rac8 26. Qd5 Qxd5 27. Nxd5 f5 28. Nxb6 axb6 29. f3 Rc4 30. fxe4 fxe4 31. Re3 Kf7 32. Rf1+ Ke6 33. Rf4 Kd5 34. Kf2 Rc2+ 35. Re2 Rxe2+ 36. Kxe2 Ra8 37. Rf7 Rxa3 38. Rxg7 Ra2+ 39. Ke3 Rxh2 40. Rg4 Rg2 41. Kf4 Rf2+ 42. Ke3 Rf3+ 43. Ke2 Rb3 44. Rg5+ Kd4 45. Rg7 Rxb4 46. Rxh7 Rb2+ 47. Kf1 e3 48. Rd7+ Ke4 49. g4 Kf3 50. Rf7+ Kxg4 51. Rg7+ Kf3 52. Rf7+ Ke4 53. Re7+ Kd3 54. Rd7+ Kc4 55. Ke1 b5 56. Rc7+ Kb3 57. Re7 e2 58. Re3+ Ka2 59. Re8 b4 60. Kf2 b3 61. Ra8+ Kb1 62. Ke1 Rc2 63. Ra3 b2 0-1

[Event "Gatineau Hull CC 35 Ann"]
[Site "Gatineau"]
[Date "2015.10.06"]
[Round "4"]
[White "Beaudet, Jean Luc"]
[Black "Raymond, Daniel"]
[Result "0-1"]
[WhiteElo "1757"]
[BlackElo "1615"]
[PlyCount "50"]
[EventDate "2015.09.15"]
[EventType "swiss"]
[EventRounds "5"]
[EventCountry "CAN"]
[SourceTitle "EXT 2022"]
[Source "ChessBase"]
[SourceDate "2021.10.06"]
[SourceVersion "1"]
[SourceVersionDate "2021.10.06"]
[SourceQuality "1"]

1. c4 c5 2. b3 Nf6 3. Bb2 e6 4. g3 Nc6 5. Bg2 d5 6. cxd5 exd5 7. Nf3 Bd6 8. 0-0 0-0 9. Na3 a6 10. d4 Qe7 11. dxc5 Bxc5 12. Nc2 Bf5 13. Rc1 Rfe8 14. e3 Rad8 15. Ncd4 Nxd4 16. Nxd4 Bg6 17. Qe2 Rc8 18. Rfd1 Ne4 19. Nf3 Nxf2 20. Rxd5 Qxe3 21. Qxe3 Bxe3 22. Rxc8 Rxc8 23. Kf1 Bd3+ 24. Ke1 Bb5 25. Nd4 Nd3+ 0-1

[Event "Gatineau Hull CC 35 Ann"]
[Site "Gatineau"]
[Date "2015.09.21"]
[Round "2"]
[White "Danilov, Alex"]
[Black "Raymond, Daniel"]
[Result "1-0"]
[WhiteElo "1766"]
[BlackElo "1615"]
[PlyCount "84"]
[EventDate "2015.09.15"]
[EventType "swiss"]
[EventRounds "5"]
[EventCountry "CAN"]
[SourceTitle "EXT 2022"]
[Source "ChessBase"]
[SourceDate "2021.10.06"]
[SourceVersion "1"]
[SourceVersionDate "2021.10.06"]
[SourceQuality "1"]

1. Nf3 d5 2. d4 Nf6 3. c4 e6 4. Nc3 Be7 5. g3 0-0 6. Bg2 c5 7. dxc5 Nc6 8. cxd5 exd5 9. Na4 Bf5 10. 0-0 Ne4 11. Nd4 Bg6 12. Be3 Qa5 13. a3 Bf6 14. b4 Qc7 15. Rc1 Qd7 16. Nc3 Nxc3 17. Rxc3 Rad8 18. Rc1 Rfe8 19. Re1 Ne5 20. b5 Nc4 21. c6 bxc6 22. bxc6 Qe7 23. Bf4 Be5 24. c7 Bxc7 25. Nc6 Qd7 26. Bxc7 Rc8 27. Rxc4 Rxc7 28. Qxd5 Qxd5 29. Bxd5 Bd3 30. Rcc1 Ba6 31. e4 Rec8 32. Rc3 Kf8 33. Rec1 Bb7 34. f4 f6 35. Be6 Re8 36. f5 Bc8 37. Nd4 Rxc3 38. Rxc3 Bb7 39. Rc7 Bxe4 40. Rf7+ Kg8 41. Rxa7+ Kf8 42. Rf7+ Kg8 1-0

[Event "Gatineau Hull CC 35 Ann"]
[Site "Gatineau"]
[Date "2015.09.15"]
[Round "1"]
[White "Raymond, Daniel"]
[Black "Groleau, Gilles"]
[Result "0-1"]
[WhiteElo "1615"]
[BlackElo "1886"]
[PlyCount "66"]
[EventDate "2015.09.15"]
[EventType "swiss"]
[EventRounds "5"]
[EventCountry "CAN"]
[SourceTitle "EXT 2022"]
[Source "ChessBase"]
[SourceDate "2021.10.06"]
[SourceVersion "1"]
[SourceVersionDate "2021.10.06"]
[SourceQuality "1"]

1. e4 c5 2. Nf3 e6 3. d4 cxd4 4. Nxd4 a6 5. Be2 Qc7 6. 0-0 Nc6 7. Be3 Nf6 8. Nxc6 Qxc6 9. e5 Nd5 10. Bd4 Qc7 11. f4 Bc5 12. c4 Qb6 13. Bf2 Nxf4 14. Bxc5 Qxc5+ 15. Kh1 Qxe5 16. Nc3 Nxe2 17. Qxe2 Qxe2 18. Nxe2 0-0 19. Rad1 Rd8 20. Rd6 b5 21. c5 Bb7 22. Rfd1 Bd5 23. Nc3 Bc6 24. b4 Kf8 25. Ne2 Ke7 26. Nd4 Bd5 27. a3 a5 28. Nxb5 axb4 29. axb4 Ra2 30. Nc3 Bxg2+ 31. Kg1 Rc2 32. Na4 Bc6 33. Nb6 Rg2+ 0-1